[Event "Wuerttemberg-ch Seniors op 26th"]
[Site "Freudenstadt"]
[Date "2014.07.19"]
[Round "4"]
[White "Abegg, Beat"]
[Black "Schuler, Georg"]
[Result "1/2-1/2"]
[WhiteElo "1910"]
[BlackElo "1879"]
[PlyCount "78"]
[EventDate "2014.07.16"]
[EventType "swiss"]
[EventRounds "9"]
[EventCountry "GER"]
[SourceTitle "EXT 2019"]
[Source "ChessBase"]
[SourceDate "2018.10.10"]
[SourceVersion "1"]
[SourceVersionDate "2018.10.10"]
[SourceQuality "1"]

1. d4 Nf6 2. c4 e6 3. Nf3 b6 4. g3 Bb7 5. Bg2 Be7 6. 0-0 0-0 7. Nc3 d5 8. cxd5 exd5 9. Ne5 Nbd7 10. Nxd7 Qxd7 11. Bf4 Rac8 12. Rc1 h6 13. Qb3 c6 14. Rfd1 Rfe8 15. Bd2 Bd6 16. e3 Ba6 17. Qc2 Bb8 18. Na4 Be2 19. Re1 Bh5 20. Bb4 Bg6 21. Qd1 Be4 22. Bxe4 dxe4 23. Kg2 Bd6 24. Bxd6 Qxd6 25. Nc3 Nh7 26. h4 Qg6 27. Ne2 f5 28. Qb3+ Qf7 29. Qxf7+ Kxf7 30. Rc2 Ke7 31. Rec1 Kd7 32. b4 g5 33. Rh1 g4 34. Nf4 Nf6 35. Ng6 Nd5 36. a3 b5 37. Rhc1 Kd6 38. Ne5 Ne7 39. Rc5 Rf8 1/2-1/2

[Event "Bad Woerishofen Seniors op 30th"]
[Site "Bad Woerishofen"]
[Date "2014.03.27"]
[Round "7"]
[White "Schuler, Georg"]
[Black "Gulinelli, Euro"]
[Result "1-0"]
[WhiteElo "1888"]
[BlackElo "1579"]
[PlyCount "65"]
[EventDate "2014.03.21"]
[EventType "swiss"]
[EventRounds "9"]
[EventCountry "GER"]
[SourceTitle "EXT 2019"]
[Source "ChessBase"]
[SourceDate "2018.10.10"]
[SourceVersion "1"]
[SourceVersionDate "2018.10.10"]
[SourceQuality "1"]

1. c4 e6 2. d4 d5 3. Nf3 Nf6 4. Nc3 Be7 5. Bf4 c6 6. Qa4 Nbd7 7. e3 0-0 8. Qb3 Qb6 9. c5 Qxb3 10. axb3 b6 11. b4 bxc5 12. bxc5 a5 13. b4 Ba6 14. Bxa6 Rxa6 15. b5 cxb5 16. Nxb5 Rc8 17. 0-0 Ne4 18. Rfc1 e5 19. Nxe5 Nxe5 20. Bxe5 Nd2 21. Ra2 Nc4 22. Bg3 g5 23. Nc7 Rxc7 24. Bxc7 f5 25. Rca1 f4 26. exf4 gxf4 27. Bxa5 Rg6 28. Bc7 f3 29. g3 Bf6 30. Be5 Bxe5 31. dxe5 Nxe5 32. Re1 Nd3 33. Re7 1-0

[Event "Bad Woerishofen Seniors op 30th"]
[Site "Bad Woerishofen"]
[Date "2014.03.26"]
[Round "6"]
[White "Seyffer, Guenther"]
[Black "Schuler, Georg"]
[Result "1-0"]
[WhiteElo "2054"]
[BlackElo "1888"]
[PlyCount "53"]
[EventDate "2014.03.21"]
[EventType "swiss"]
[EventRounds "9"]
[EventCountry "GER"]
[SourceTitle "EXT 2019"]
[Source "ChessBase"]
[SourceDate "2018.10.10"]
[SourceVersion "1"]
[SourceVersionDate "2018.10.10"]
[SourceQuality "1"]

1. d4 Nf6 2. c4 e6 3. Nf3 b6 4. e3 d5 5. cxd5 exd5 6. Nc3 Bb7 7. Bd3 Nbd7 8. 0-0 Be7 9. Qe2 0-0 10. b3 c5 11. Bb2 h6 12. Rac1 Rc8 13. Ba6 Bxa6 14. Qxa6 Ra8 15. Rfd1 cxd4 16. exd4 Qc8 17. Qd3 Qb7 18. Ne5 Rfd8 19. Qf5 Nf8 20. Ne2 Rdc8 21. Nf4 Bd6 22. h3 Rxc1 23. Rxc1 Bxe5 24. dxe5 N6h7 25. e6 f6 26. Ba3 g6 27. Nxg6 1-0

[Event "Bad Woerishofen Seniors op 30th"]
[Site "Bad Woerishofen"]
[Date "2014.03.22"]
[Round "2"]
[White "Schuler, Georg"]
[Black "Eigenmann, Christina"]
[Result "1/2-1/2"]
[WhiteElo "1888"]
[BlackElo "1809"]
[PlyCount "50"]
[EventDate "2014.03.21"]
[EventType "swiss"]
[EventRounds "9"]
[EventCountry "GER"]
[SourceTitle "EXT 2019"]
[Source "ChessBase"]
[SourceDate "2018.10.10"]
[SourceVersion "1"]
[SourceVersionDate "2018.10.10"]
[SourceQuality "1"]

1. c4 c5 2. Nc3 Nf6 3. g3 d5 4. cxd5 Nxd5 5. Bg2 Nxc3 6. bxc3 Qc7 7. Nf3 Nc6 8. 0-0 e6 9. d3 Be7 10. a4 0-0 11. Rb1 Rb8 12. Ba3 Rd8 13. Qc2 b6 14. c4 Bf6 15. e3 a5 16. Rfd1 Nb4 17. Bxb4 axb4 18. Nd2 Bd7 19. Ne4 Be7 20. d4 Bc6 21. d5 exd5 22. cxd5 Bxd5 23. Rxb4 Bxe4 24. Rxe4 Rxd1+ 25. Qxd1 c4 1/2-1/2

[Event "Wuerttemberg-ch Seniors op 25th"]
[Site "Freudenstadt"]
[Date "2013.07.06"]
[Round "5"]
[White "Schmid, Eugen"]
[Black "Schuler, Georg"]
[Result "1-0"]
[WhiteElo "1959"]
[BlackElo "1905"]
[PlyCount "54"]
[EventDate "2013.07.06"]
[EventType "swiss"]
[EventRounds "9"]
[EventCountry "GER"]
[SourceTitle "EXT 2019"]
[Source "ChessBase"]
[SourceDate "2018.10.10"]
[SourceVersion "1"]
[SourceVersionDate "2018.10.10"]
[SourceQuality "1"]

1. d4 Nf6 2. Nf3 b6 3. g3 Bb7 4. Bg2 d6 5. 0-0 Nbd7 6. c4 g6 7. Nc3 Bg7 8. Qc2 0-0 9. e4 e5 10. d5 a5 11. b3 Nc5 12. Bh3 Bc8 13. Bxc8 Qxc8 14. Kg2 Nh5 15. h3 f5 16. Rb1 fxe4 17. Ng5 Qf5 18. Ncxe4 h6 19. g4 Nf4+ 20. Kh2 Qd7 21. Nxc5 bxc5 22. Bxf4 Rxf4 23. Ne6 Rf6 24. Qe4 Qf7 25. f3 a4 26. b4 cxb4 27. Rxb4 c6 1-0

[Event "Bad Woerishofen Seniors op 28th"]
[Site "Bad Woerishofen"]
[Date "2012.03.08"]
[Round "7.26"]
[White "Krotofil, Kurt"]
[Black "Schuler, Georg"]
[Result "1-0"]
[WhiteElo "1898"]
[BlackElo "1712"]
[PlyCount "53"]
[EventDate "2012.03.02"]
[EventType "swiss"]
[EventRounds "9"]
[EventCountry "GER"]
[SourceTitle "EXT 2022"]
[Source "ChessBase"]
[SourceDate "2021.10.06"]
[SourceVersion "1"]
[SourceVersionDate "2021.10.06"]
[SourceQuality "1"]

1. d4 Nf6 2. c4 d6 3. Nc3 g6 4. e4 Bg7 5. f3 0-0 6. Be3 Nbd7 7. Bd3 c5 8. Nge2 cxd4 9. Nxd4 Ne5 10. Qd2 Bd7 11. Rc1 a6 12. 0-0 Rc8 13. b3 Bc6 14. Rfd1 h5 15. h3 Kh7 16. Bb1 Ng8 17. f4 Nd7 18. e5 e6 19. Nxc6 Rxc6 20. Be4 d5 21. cxd5 Rxc3 22. Qxc3 Qb8 23. Qc7 Nxe5 24. Qxb8 Rxb8 25. fxe5 Bxe5 26. dxe6 fxe6 27. Rd7+ 1-0

[Event "GER-ch Seniors 21st"]
[Site "Dresden"]
[Date "2009.08.09"]
[Round "8"]
[White "Weber, Gerhard"]
[Black "Schuler, Georg"]
[Result "0-1"]
[WhiteElo "1921"]
[BlackElo "1945"]
[PlyCount "94"]
[EventDate "2009.08.03"]
[EventType "swiss"]
[EventRounds "9"]
[EventCountry "GER"]
[SourceTitle "CBM 131 Extra"]
[Source "ChessBase"]
[SourceDate "2009.09.03"]
[SourceVersion "2"]
[SourceVersionDate "2009.09.16"]
[SourceQuality "1"]

1. e4 c5 2. c4 Nc6 3. Nc3 g6 4. g3 Bg7 5. Nge2 d6 6. d3 Nf6 7. Nf4 0-0 8. Bh3 Bxh3 9. Nxh3 Qd7 10. Nf4 e6 11. Be3 Rab8 12. f3 a6 13. Rc1 b5 14. b3 b4 15. Nce2 Ne5 16. 0-0 g5 17. Ng2 h6 18. d4 cxd4 19. Bxd4 Qb7 20. g4 Rfd8 21. h4 Nc6 22. Be3 Nh7 23. h5 Ne5 24. Ng3 Nf6 25. Bd4 Nc6 26. Bf2 Ne8 27. Rc2 Bc3 28. Ne2 Be5 29. Rd2 f5 30. exf5 exf5 31. Nd4 f4 32. Nf5 Bc3 33. Re2 Ne5 34. Nxh6+ Kf8 35. Qc2 Nxf3+ 36. Kh1 Qg7 37. Nf5 Qf6 38. Ba7 Rb7 39. Rxf3 Rxa7 40. Qe4 Rad7 41. Nfe3 Qe5 42. Nd5 a5 43. Nxc3 bxc3 44. Qxe5 dxe5 45. Rxc3 Nf6 46. c5 Rd1+ 47. Kh2 e4 0-1

[Event "GER-ch Seniors 21st"]
[Site "Dresden"]
[Date "2009.08.08"]
[Round "7"]
[White "Schuler, Georg"]
[Black "Flockerzi, Armin"]
[Result "1-0"]
[WhiteElo "1945"]
[BlackElo "1820"]
[PlyCount "109"]
[EventDate "2009.08.03"]
[EventType "swiss"]
[EventRounds "9"]
[EventCountry "GER"]
[SourceTitle "CBM 131 Extra"]
[Source "ChessBase"]
[SourceDate "2009.09.03"]
[SourceVersion "2"]
[SourceVersionDate "2009.09.16"]
[SourceQuality "1"]

1. c4 e5 2. Nc3 d6 3. g3 Nf6 4. Bg2 c6 5. d4 exd4 6. Qxd4 Be7 7. Nf3 0-0 8. 0-0 h6 9. e4 Nbd7 10. Rb1 a5 11. b3 Qc7 12. Ba3 Re8 13. Rbd1 Nc5 14. Rfe1 b6 15. Bb2 Bg4 16. h3 Bh5 17. g4 Bg6 18. Nh2 Rad8 19. f4 Nfd7 20. Nd5 Bf6 21. Qxf6 Nxf6 22. Nxc7 Re7 23. e5 Nxg4 24. Nxg4 Rxc7 25. exd6 Rcd7 26. Bxc6 Rxd6 27. Bd5 Be4 28. Ne3 Bg6 29. Be5 R6d7 30. Kh2 Kf8 31. Rg1 Nd3 32. Bxg7+ Kxg7 33. Rxd3 Kf8 34. f5 Bh5 35. Ng4 Rd6 36. Kg3 b5 37. Rgd1 f6 38. R1d2 bxc4 39. bxc4 Kg7 40. Kf4 Bf7 41. Nf2 h5 42. a3 Kf8 43. Ne4 Ra6 44. Nc5 Rb6 45. Ne6+ Bxe6 46. fxe6 Rb1 47. Kf5 Rf1+ 48. Kg6 Rg1+ 49. Kxf6 Rf1+ 50. Ke5 Ke7 51. Rg2 Re1+ 52. Kd4 Rf8 53. Rg7+ Kf6 54. Rf7+ Rxf7 55. exf7 1-0

[Event "Bad Woerishofen op 25th"]
[Site "Bad Woerishofen"]
[Date "2009.03.10"]
[Round "6"]
[White "Straub, Peter"]
[Black "Schuler, Georg"]
[Result "1-0"]
[WhiteElo "2119"]
[BlackElo "1963"]
[PlyCount "53"]
[EventDate "2009.03.05"]
[EventType "swiss"]
[EventRounds "9"]
[EventCountry "GER"]
[SourceTitle "CBM 129 Extra"]
[Source "ChessBase"]
[SourceDate "2009.05.05"]
[SourceVersion "2"]
[SourceVersionDate "2009.05.20"]
[SourceQuality "1"]

1. d4 Nf6 2. c4 g6 3. Nc3 d5 4. Nf3 Bg7 5. Bg5 c6 6. e3 0-0 7. Bd3 Nbd7 8. 0-0 Re8 9. cxd5 Nxd5 10. Nxd5 cxd5 11. Rc1 Nf6 12. Qb3 b6 13. Ne5 Bb7 14. f4 Rc8 15. f5 Rxc1 16. Rxc1 Ne4 17. Nxf7 Kxf7 18. Bxe4 gxf5 19. Bxf5 Bf6 20. Bxf6 Kxf6 21. Bxh7 Kg7 22. Bb1 Qd6 23. Qd1 Rh8 24. Qg4+ Kf7 25. Rf1+ Ke8 26. h3 Kd8 27. Qg7 1-0

[Event "GER-ch Seniors-B 20th"]
[Site "Erfurt"]
[Date "2008.08.12"]
[Round "8"]
[White "Schuler, Georg"]
[Black "Petroschka, Bernd"]
[Result "1-0"]
[WhiteElo "1793"]
[BlackElo "1743"]
[PlyCount "47"]
[EventDate "2008.08.05"]
[EventType "swiss"]
[EventRounds "9"]
[EventCountry "GER"]
[SourceTitle "CBM 126 Extra"]
[Source "ChessBase"]
[SourceDate "2008.11.05"]
[SourceVersion "1"]
[SourceVersionDate "2008.11.05"]
[SourceQuality "1"]

1. Nf3 d5 2. d4 Nf6 3. c4 e6 4. Nc3 Nbd7 5. e3 Be7 6. Be2 0-0 7. 0-0 a6 8. c5 c6 9. b4 b5 10. Bd2 Qc7 11. Qc2 e5 12. dxe5 Nxe5 13. Nd4 Bg4 14. f3 Bh5 15. f4 Bxe2 16. fxe5 Bxf1 17. exf6 Bxf6 18. Rxf1 a5 19. a3 axb4 20. axb4 Rfe8 21. Rf3 Ra1+ 22. Nd1 Rea8 23. Rf1 g6 24. Rxf6 1-0

[Event "GER-ch Seniors-B 20th"]
[Site "Erfurt"]
[Date "2008.08.10"]
[Round "6"]
[White "Schuler, Georg"]
[Black "Nemoj, Ilja"]
[Result "1-0"]
[WhiteElo "1793"]
[BlackElo "1730"]
[PlyCount "72"]
[EventDate "2008.08.05"]
[EventType "swiss"]
[EventRounds "9"]
[EventCountry "GER"]
[SourceTitle "CBM 126 Extra"]
[Source "ChessBase"]
[SourceDate "2008.11.05"]
[SourceVersion "1"]
[SourceVersionDate "2008.11.05"]
[SourceQuality "1"]

1. c4 g6 2. Nc3 Bg7 3. d4 d6 4. e4 e6 5. Nf3 Ne7 6. Be2 Nd7 7. 0-0 a6 8. Rb1 b6 9. Qc2 Bb7 10. b4 h6 11. Be3 0-0 12. Rfd1 e5 13. Nd5 g5 14. dxe5 Nxe5 15. Nd4 Bc8 16. c5 Nxd5 17. exd5 f5 18. f4 Ng6 19. fxg5 hxg5 20. Nc6 Qe8 21. Bxg5 f4 22. Qxg6 Qxg6 23. Ne7+ Kf7 24. Nxg6 Kxg6 25. Bh4 bxc5 26. bxc5 dxc5 27. Kf1 Bd4 28. Be7 Re8 29. d6 Bf5 30. Rb7 cxd6 31. Bxd6 Rxe2 32. Kxe2 Bg4+ 33. Kd2 Bxd1 34. Kxd1 Be3 35. Ke2 Rd8 36. Kf3 Rg8 1-0

[Event "GER-ch Seniors Gp-B 19th"]
[Site "Templin"]
[Date "2007.08.31"]
[Round "9"]
[White "Weller, Friedhelm"]
[Black "Schuler, Georg"]
[Result "0-1"]
[WhiteElo "1756"]
[BlackElo "1853"]
[PlyCount "75"]
[EventDate "2007.08.23"]
[EventType "swiss"]
[EventRounds "9"]
[EventCountry "GER"]
[SourceTitle "EXT 2022"]
[Source "ChessBase"]
[SourceDate "2021.10.06"]
[SourceVersion "1"]
[SourceVersionDate "2021.10.06"]
[SourceQuality "1"]

1. e4 c5 2. Nf3 e6 3. d4 cxd4 4. Nxd4 a6 5. Bd3 Qc7 6. c3 Bd6 7. h3 Nc6 8. Be3 Nge7 9. 0-0 Ng6 10. Nd2 0-0 11. Nc4 Nce5 12. Nxd6 Qxd6 13. Be2 Qc7 14. Rc1 Nc4 15. Bxc4 Qxc4 16. b3 Qc7 17. Ne2 b5 18. c4 bxc4 19. Rxc4 Qb7 20. Bc5 Re8 21. Bd6 Ne7 22. Ng3 Qb6 23. Qd2 a5 24. Rfc1 Ba6 25. Bxe7 Bxc4 26. Rxc4 Rxe7 27. Qg5 f6 28. Qg4 Rf8 29. Qf4 g5 30. Qc1 Rg7 31. Qc3 Kf7 32. Nh5 e5 33. Qf3 Rg6 34. Qf5 Qd6 35. Ra4 Qd1+ 36. Kh2 Qd2 37. g4 Rc8 38. Qf3 0-1

[Event "GER-ch Seniors Gp-B 19th"]
[Site "Templin"]
[Date "2007.08.27"]
[Round "5"]
[White "Meyer, Detlef"]
[Black "Schuler, Georg"]
[Result "0-1"]
[WhiteElo "1778"]
[BlackElo "1853"]
[PlyCount "120"]
[EventDate "2007.08.23"]
[EventType "swiss"]
[EventRounds "9"]
[EventCountry "GER"]
[SourceTitle "EXT 2022"]
[Source "ChessBase"]
[SourceDate "2021.10.06"]
[SourceVersion "1"]
[SourceVersionDate "2021.10.06"]
[SourceQuality "1"]

1. e4 c5 2. Nf3 e6 3. d4 cxd4 4. Nxd4 a6 5. a3 Qc7 6. Nc3 Nc6 7. Be3 d6 8. Be2 Be7 9. 0-0 Bf6 10. Kh1 Nge7 11. f4 Nxd4 12. Bxd4 Bxd4 13. Qxd4 e5 14. Qd2 0-0 15. Rad1 exf4 16. Qxf4 Ng6 17. Qxd6 Qxd6 18. Rxd6 Be6 19. Rb6 Rab8 20. Nd5 Rfd8 21. c4 Ne5 22. h3 Nd7 23. Ne7+ Kh8 24. Rd6 Re8 25. Nd5 Rbc8 26. Nf4 Nc5 27. Nxe6 Nxe4 28. Rd3 fxe6 29. b3 Rc7 30. Bg4 Rce7 31. Kg1 Nf6 32. Bf3 e5 33. Re3 h6 34. Rfe1 g6 35. b4 Kg7 36. a4 e4 37. Bd1 Rd7 38. a5 Rd2 39. Bb3 Red8 40. b5 Rb2 41. Kf1 Rdd2 42. g4 Rg2 43. R1e2 Rgxe2 44. Rxe2 Rxb3 45. bxa6 bxa6 46. Rc2 Rb7 47. Kf2 Rc7 48. Ke3 Kf7 49. Kd4 Ke6 50. Rb2 Rc6 51. Re2 Rd6+ 52. Kc5 Ke5 53. Rg2 Nd7+ 54. Kb4 e3 55. h4 Rd2 56. Rg1 Ke4 57. Kc3 Ne5 58. g5 h5 59. c5 Nf3 60. Rb1 Rd3+ 0-1

[Event "EU-ch Seniors 07th"]
[Site "Hockenheim"]
[Date "2007.06.10"]
[Round "9"]
[White "Schuler, Georg"]
[Black "Diaz Begonte, Manuel"]
[Result "0-1"]
[WhiteElo "1992"]
[BlackElo "1865"]
[PlyCount "78"]
[EventDate "2007.06.02"]
[EventType "swiss"]
[EventRounds "9"]
[EventCountry "GER"]
[SourceTitle "CBM 118 Extra"]
[Source "ChessBase"]
[SourceDate "2007.07.04"]
[SourceVersion "1"]
[SourceVersionDate "2007.07.04"]
[SourceQuality "1"]

1. c4 c6 2. d4 d5 3. b3 Bf5 4. g3 e6 5. Bd2 Be7 6. e3 Be4 7. f3 Bg6 8. Bg2 h5 9. Nc3 Ba3 10. Bc1 Bb4 11. Bb2 Nh6 12. a3 Ba5 13. b4 Bc7 14. cxd5 exd5 15. Nh3 Qe7 16. 0-0 0-0 17. Qd2 h4 18. g4 Re8 19. Rae1 Nd7 20. Bh1 Nb6 21. Bc1 Nc4 22. Qa2 b5 23. e4 dxe4 24. Bg5 Qd6 25. d5 Bb6+ 26. Nf2 e3 27. Bxh4 exf2+ 28. Bxf2 Bxf2+ 29. Qxf2 Bd3 30. Rxe8+ Rxe8 31. Rd1 Bg6 32. dxc6 Qxc6 33. Qxa7 Ne3 34. Rc1 Nc2 35. Ne4 Bxe4 36. fxe4 Nxg4 37. Rf1 Qg6 38. Bg2 Nce3 39. Qd7 Nf6 0-1

[Event "EU-ch Seniors 07th"]
[Site "Hockenheim"]
[Date "2007.06.04"]
[Round "3"]
[White "Schuler, Georg"]
[Black "Mesiarik, Rudolf"]
[Result "0-1"]
[WhiteElo "1992"]
[BlackElo "2167"]
[PlyCount "106"]
[EventDate "2007.06.02"]
[EventType "swiss"]
[EventRounds "9"]
[EventCountry "GER"]
[SourceTitle "CBM 118 Extra"]
[Source "ChessBase"]
[SourceDate "2007.07.04"]
[SourceVersion "1"]
[SourceVersionDate "2007.07.04"]
[SourceQuality "1"]

1. c4 c5 2. Nc3 g6 3. g3 Bg7 4. Bg2 Nf6 5. e3 0-0 6. Nge2 Nc6 7. 0-0 d6 8. d4 Bd7 9. b3 Qc8 10. Nf4 cxd4 11. exd4 Ng4 12. Nfe2 Nh6 13. Bb2 Nf5 14. Nd5 e6 15. Ne3 Nxe3 16. fxe3 e5 17. d5 Ne7 18. Ba3 Qc7 19. Rc1 Nf5 20. Qd2 Bh6 21. Rc3 Qa5 22. Bc1 Qc5 23. Kh1 Rfd8 24. Qd3 a5 25. e4 Bxc1 26. Rcxc1 Ng7 27. a4 f5 28. Qd2 Rf8 29. Ng1 fxe4 30. Bxe4 Nf5 31. Rce1 Qd4 32. Qg5 Nxg3+ 33. hxg3 Rxf1 34. Rxf1 Qxe4+ 35. Kh2 Bf5 36. Qd2 Rf8 37. Rf2 b6 38. Re2 Qg4 39. Qe3 Qd4 40. Qxd4 exd4 41. Rd2 d3 42. Nf3 Re8 43. g4 Bxg4 44. Rxd3 Bxf3 45. Rxf3 Kg7 46. Kg3 Re4 47. Kf2 h5 48. Kg3 g5 49. Rd3 Kf6 50. Kf3 Ke5 51. Kg3 Kf5 52. Rf3+ Ke5 53. Rd3 h4+ 0-1

[Event "Bad Woerishofen Seniors opA 23rd"]
[Site "Bad Woerishofen"]
[Date "2007.03.14"]
[Round "7"]
[White "Schuler, Georg"]
[Black "Mack, Thomas"]
[Result "1/2-1/2"]
[WhiteElo "1987"]
[BlackElo "2026"]
[PlyCount "51"]
[EventDate "2007.03.08"]
[EventType "swiss"]
[EventRounds "9"]
[EventCountry "GER"]
[SourceTitle "EXT 2008"]
[Source "ChessBase"]
[SourceDate "2007.11.25"]
[SourceVersion "1"]
[SourceVersionDate "2007.11.25"]
[SourceQuality "1"]

1. c4 e5 2. Nc3 Nf6 3. g3 d5 4. cxd5 Nxd5 5. Bg2 Nb6 6. d3 Be7 7. Nf3 Nc6 8. 0-0 g5 9. Nd2 Be6 10. b3 h5 11. Nc4 Nd5 12. Nxd5 Bxd5 13. Bxd5 Qxd5 14. Ne3 Qe6 15. Kg2 h4 16. g4 h3+ 17. Kh1 Bc5 18. Nf5 0-0-0 19. Bxg5 Rdg8 20. Qc1 Bd4 21. Nxd4 Nxd4 22. f3 Nxe2 23. Qd2 Nd4 24. Be3 Rd8 25. Rac1 Rd7 26. Bxd4 1/2-1/2

[Event "GER-ch Seniors 18th"]
[Site "Dresden"]
[Date "2006.07.30"]
[Round "9"]
[White "Just, Joachim"]
[Black "Schuler, Georg"]
[Result "1-0"]
[WhiteElo "1978"]
[BlackElo "1767"]
[PlyCount "71"]
[EventDate "2006.07.22"]
[EventType "swiss"]
[EventRounds "9"]
[EventCountry "GER"]
[SourceTitle "EXT 2022"]
[Source "ChessBase"]
[SourceDate "2021.10.06"]
[SourceVersion "1"]
[SourceVersionDate "2021.10.06"]
[SourceQuality "1"]

1. b3 c5 2. Bb2 d5 3. e3 Nc6 4. Bb5 a6 5. Bxc6+ bxc6 6. f4 Nf6 7. Nf3 e6 8. 0-0 Bd6 9. Qe1 a5 10. a4 Ba6 11. d3 Rb8 12. Nbd2 Qc7 13. Ne5 Rd8 14. Ndf3 Bxe5 15. fxe5 Nd7 16. Bc3 Qa7 17. Bxa5 Rb8 18. Bd2 c4 19. dxc4 dxc4 20. Qg3 0-0 21. bxc4 Bxc4 22. Rf2 Nc5 23. Qh4 Bd5 24. Bb4 Ne4 25. Bxf8 Nxf2 26. Bd6 Ne4 27. Nd4 Qxa4 28. Rf1 Re8 29. Qf4 Qa7 30. c4 Nxd6 31. cxd5 cxd5 32. exd6 e5 33. Nc6 Qd7 34. Nxe5 Qe6 35. Qxf7+ Qxf7 36. Nxf7 1-0

[Event "GER-ch Seniors 18th"]
[Site "Dresden"]
[Date "2006.07.26"]
[Round "5"]
[White "Kies, Werner"]
[Black "Schuler, Georg"]
[Result "0-1"]
[WhiteElo "1941"]
[BlackElo "1767"]
[PlyCount "46"]
[EventDate "2006.07.22"]
[EventType "swiss"]
[EventRounds "9"]
[EventCountry "GER"]
[SourceTitle "EXT 2022"]
[Source "ChessBase"]
[SourceDate "2021.10.06"]
[SourceVersion "1"]
[SourceVersionDate "2021.10.06"]
[SourceQuality "1"]

1. e4 c5 2. b3 e6 3. Bb2 Nc6 4. f4 d6 5. Bb5 a6 6. Bxc6+ bxc6 7. Nf3 d5 8. e5 a5 9. 0-0 Ba6 10. Re1 g6 11. Nc3 h5 12. d3 Ne7 13. Qd2 Nf5 14. Qf2 Rb8 15. Ba3 Nd4 16. Nxd4 cxd4 17. Bxf8 dxc3 18. Bd6 Rb7 19. a4 f5 20. Bc5 g5 21. fxg5 Qxg5 22. Re3 h4 23. Re2 Qh6 0-1

[Event "Wuerttemberg-ch Seniors 18th"]
[Site "Freudenstadt"]
[Date "2006.05.05"]
[Round "2"]
[White "Schuler, Georg"]
[Black "Frank, Werner"]
[Result "0-1"]
[WhiteElo "1747"]
[BlackElo "1933"]
[PlyCount "95"]
[EventDate "2006.05.04"]
[EventType "swiss"]
[EventRounds "9"]
[EventCountry "GER"]
[SourceTitle "EXT 2007"]
[Source "ChessBase"]
[SourceDate "2006.11.23"]
[SourceVersion "1"]
[SourceVersionDate "2006.11.23"]
[SourceQuality "1"]

1. c4 c6 2. d4 d5 3. e3 Nf6 4. Nc3 a6 5. Nf3 Bg4 6. h3 Bh5 7. Be2 e6 8. Ne5 Bxe2 9. Qxe2 Nbd7 10. cxd5 exd5 11. Nd3 Bd6 12. 0-0 0-0 13. b4 Qe7 14. Bd2 Nb6 15. Rfb1 Nc4 16. Bc1 Rfe8 17. a3 Bc7 18. Qf3 Qd6 19. g3 Ne4 20. Na4 Ncd2 21. Bxd2 Nxd2 22. Qe2 Nxb1 23. Rxb1 Qe6 24. Nac5 Qxh3 25. Qf3 Qc8 26. Kg2 b6 27. Na4 Re6 28. Rh1 Rf6 29. Qe2 Qe6 30. Rh4 a5 31. Nab2 Rh6 32. Rxh6 Qxh6 33. e4 axb4 34. axb4 Ra1 35. Ne1 dxe4 36. Qxe4 Qe6 37. Qxe6 fxe6 38. Nbd3 Ra3 39. Kf3 e5 40. Ke4 exd4 41. Nc2 Ra4 42. Kxd4 c5+ 43. Kd5 Ra2 44. Ne3 cxb4 45. Kc4 Bd6 46. f4 Bc5 47. Nd5 Ra3 48. g4 0-1

[Event "Bad Woerishofen Seniors opA 22th"]
[Site "Bad Woerishofen"]
[Date "2006.03.23"]
[Round "7"]
[White "Dombrowe, Eckehard"]
[Black "Schuler, Georg"]
[Result "1/2-1/2"]
[WhiteElo "1560"]
[BlackElo "1774"]
[PlyCount "48"]
[EventDate "2006.03.17"]
[EventType "swiss"]
[EventRounds "9"]
[EventCountry "GER"]
[SourceTitle "EXT 2022"]
[Source "ChessBase"]
[SourceDate "2021.10.06"]
[SourceVersion "1"]
[SourceVersionDate "2021.10.06"]
[SourceQuality "1"]

1. f4 c5 2. Nf3 Nc6 3. e3 g6 4. Nc3 Bg7 5. Bb5 a6 6. Bxc6 bxc6 7. 0-0 e6 8. Rb1 Ne7 9. Ne5 d5 10. b3 Qc7 11. Nf3 0-0 12. Bb2 a5 13. Na4 Ba6 14. Bxg7 Kxg7 15. d3 c4 16. Nc5 cxd3 17. Nxa6 Rxa6 18. cxd3 Qb6 19. Qd2 Nf5 20. Rfe1 f6 21. Kh1 Rd8 22. Nd4 c5 23. Nxf5+ exf5 24. d4 Qb4 1/2-1/2

[Event "Bad Woerishofen op 22nd"]
[Site "Bad Woerishofen"]
[Date "2006.03.21"]
[Round "5"]
[White "Packroff, Hermann"]
[Black "Schuler, Georg"]
[Result "1-0"]
[WhiteElo "2157"]
[BlackElo "2062"]
[PlyCount "43"]
[EventDate "2006.03.17"]
[EventType "swiss"]
[EventRounds "9"]
[EventCountry "GER"]
[SourceTitle "CBM 111 Extra"]
[Source "ChessBase"]
[SourceDate "2006.05.09"]
[SourceVersion "1"]
[SourceVersionDate "2006.05.09"]
[SourceQuality "1"]

1. d4 Nf6 2. Nc3 d5 3. Bg5 Nbd7 4. Qd3 e6 5. e4 dxe4 6. Nxe4 Be7 7. Nxf6+ Bxf6 8. Bxf6 Nxf6 9. Nf3 h6 10. 0-0-0 Bd7 11. Ne5 c6 12. c4 Qc7 13. f4 0-0 14. g4 Nh7 15. Bg2 f5 16. gxf5 exf5 17. d5 Rad8 18. d6 Qa5 19. b4 Qxb4 20. Bd5+ cxd5 21. Qxd5+ Kh8 22. Ng6# 1-0